000 00323 a2200109 4500
020 _a8176487740
082 _a363.728 KUM
100 _aKumar, Arvind
245 _aIndustrial Pollution and Management
_cArvind Kumar
260 _aNew Delhi :
_bAPH Publishing Corporation,
_c2004
300 _axii, 381p. :
_bill ., ;
_c25 cm
650 _aIndustrial Pollution
999 _c399
_d399